| 000 | 00366nam a22001577a 4500 | ||
|---|---|---|---|
| 003 | SGT | ||
| 020 | _a97893586649225 | ||
| 082 |
_a610.72 _bR21K |
||
| 100 | _aKOTHARI, C.R. | ||
| 245 | _aRESEARCH METHODOLOGY METHODS & TECHNIQUES | ||
| 250 | _a4TH | ||
| 260 |
_aINDIA _bNEW AGE INTERNATIONAL _c2021 |
||
| 300 | _a458 | ||
| 650 | _aRESEARCH | ||
| 942 |
_2ddc _cBK _0191 |
||
| 999 |
_c20969 _d20969 |
||